000 00589nam a22001817a 4500
999 _c178455
_d178455
005 20210331123821.0
010 _aENG-129354
020 _a978-93-5388-465-9
_c695.00
035 _aEN-112886
037 _bDBAD/PUB
082 _a658.4092
100 _aCorrea, Steve
245 _aThe Indian Boss at Work: Thinking Global Acting Indian/
_cSteve Correa
260 _aNew Delhi
_bSage Publication India
_c2020
270 _aB1/1-1 Mohan Cooperative Industrial Area Mathura Road
_bNew Delhi
_e110044
300 _axvi+318p.
_c22cm(hbk)
942 _2ddc
_cEN
_h658.4092
_mCOR